000 00543nam a2200193Ia 4500
003 GCL
008 140319s9999 xx 000 0 ara d
040 _aGCL /
_cGCL
082 0 4 _a811.9
_bع م
100 1 _aعلى الباز
245 1 0 _aمسافر فى العيون /
_cعلى الباز
260 _a[S.N] :
_bدار الجامعات المصرية ،
_c1984
300 _a162 ص
490 _a
650 0 4 _aالشعر العربى
650 0 4 _aالادب العربى
650 0 4 _aدواوين وقصائد
942 _2ddc
_cBK
999 _c54159
_d54159